Die Erd-Umwälzungen: mit dem Portrait Cuvier's und zwei Tabellen
| Main Author: | |
|---|---|
| Contributors: | |
| Format: | Print Book |
| Language: | German |
| Subito Delivery Service: | Order now. |
| Check availability: | HBZ Gateway |
| WorldCat: | WorldCat |
| Interlibrary Loan: | Interlibrary Loan for the Fachinformationsdienste (Specialized Information Services in Germany) |
| Published: |
Leipzig
Abel
1851
|
| In: | Year: 1851 |
| Standardized Subjects / Keyword chains: | B
Historical geology
/ Paleontology
/ Anthropology
B Geology B Earth |
| Further subjects: | B
Geology
B Paleontology |
| Sammlungen: |
MARC
| LEADER | 00000cam a2200000 c 4500 | ||
|---|---|---|---|
| 001 | 192311077 | ||
| 003 | DE-627 | ||
| 005 | 20251222204100.0 | ||
| 007 | tu | ||
| 008 | 960209s1851 xx ||||| 00| ||ger c | ||
| 035 | |a (DE-627)192311077 | ||
| 035 | |a (DE-576)9192311075 | ||
| 035 | |a (DE-599)GBV192311077 | ||
| 035 | |a (OCoLC)23350869 | ||
| 035 | |a (OCoLC)251976087 | ||
| 035 | |a (OCoLC)230745589 | ||
| 040 | |a DE-627 |b ger |c DE-627 |e rakwb | ||
| 041 | |a ger | ||
| 044 | |c XA-DXDE | ||
| 082 | 0 | |a 560 | |
| 084 | |a 38.10 |2 bkl | ||
| 084 | |a 38.15 |2 bkl | ||
| 084 | |a 38.36 |2 bkl | ||
| 100 | 1 | |0 (DE-588)118677578 |0 (DE-627)079460755 |0 (DE-576)209274271 |4 aut |a Cuvier, Georges |d 1769-1832 | |
| 109 | |a De Cuvier, Georges 1769-1832 |a Cüvier, G. 1769-1832 |a Cuvier baron 1769-1832 |a Cuvier 1769-1832 |a Cüvier, Georg von 1769-1832 |a Cuvier, M. 1769-1832 |a Cuvier chevalier 1769-1832 |a Cuvier, Jean Léopold Nicolas Frédéric 1769-1832 |a Cuvier, Georg Leopold Christian von 1769-1832 |a Cuvier, Georges-Léopold-Chrétien-Frédéric-Dagobert de 1769-1832 |a Cuvier, Georges L. 1769-1832 |a Cüvier, Georges 1769-1832 |a Cuvier, G. 1769-1832 |a Cuvier, Georges L. de 1769-1832 |a Cuvier, Georges L. Chr. F.D. 1769-1832 |a Cuvier, Georg 1769-1832 |a Cuvier, Georges L. Chr. F. D. 1769-1832 |a Cuvier, Georges 1769-1832 |a Cuvier, Georges-Léopold-Chrétien-Frédéric-Dagobert 1769-1832 |a Cuvier, George de 1769-1832 |a Cuvier, Georges baron 1769-1832 |a Cuvier, Georges de 1769-1832 |a Cuvier, Jean Léopold Nicolas Frédéric baron 1769-1832 |a Cuvier, Georges Léopold Chrétien Frédéric Dagobert de 1769-1832 |a Cuvier, George 1769-1832 |a Cuvier, George L. 1769-1832 |a Cuvier, Georg von 1769-1832 |a Cuvier, George-Léopold-Chrétien-Frédéric-Dagobert 1769-1832 |a Cuvier, Georges Léopold Chrétien Frédéric Dagobert 1769-1832 |a Kiuv'e, Zh. 1769-1832 |a Kjuv'e, Žorž 1769-1832 | ||
| 240 | 1 | 0 | |a Discours sur les révolutions du globe <dt.> |
| 245 | 1 | 4 | |a Die Erd-Umwälzungen |b mit dem Portrait Cuvier's und zwei Tabellen |c von Georg Cuvier. Dt. bearb. u. mit erl. Bemerkungen über die neuesten Entdeckungen in der Geologie und Paläontologie vers. von C. G. Giebel |
| 246 | 3 | 0 | |a Erdumwälzungen neuesten Entdeckungen Geologie Paläontologie |
| 264 | 1 | |a Leipzig |b Abel |c 1851 | |
| 300 | |a XII, 274 S., [1] Bl. |b 1 Portr. | ||
| 336 | |a Text |b txt |2 rdacontent | ||
| 337 | |a ohne Hilfsmittel zu benutzen |b n |2 rdamedia | ||
| 338 | |a Band |b nc |2 rdacarrier | ||
| 361 | 1 | |5 DE-547 |y 1453101802 |s 50-01013 |o Vorbesitz |a Realschule (Erfurt) |0 (DE-588)5119870-8 |0 (DE-627)180797794 |0 (DE-576)195070771 |f Bibliotheksexemplar |f Nummer |f Stempel | |
| 361 | 1 | |5 DE-547 |y 1453101802 |s 50-01013 |o Vorbesitz |a Pädagogisches Institut Erfurt |0 (DE-588)2017372-6 |0 (DE-627)101933371 |0 (DE-576)191711225 |f Stempel |z Pädagogisches Institut Erfurt, Zentralbibliothek. Über dem Stempel: Ng 24785. Unter dem Stempel: 58/4192 | |
| 500 | |a In Fraktur | ||
| 500 | |a Vorlageform des Erscheinungsvermerks: Leipzig|| Verlag von Ambr: Abel.|| 1851. | ||
| 583 | 1 | |a Archivierung prüfen |c 20240324 |f DE-4165 |z 3 |2 pdager | |
| 653 | 0 | |a Geology | |
| 653 | 0 | |a Paleontology | |
| 689 | 0 | 0 | |d s |0 (DE-588)4025104-4 |0 (DE-627)10445234X |0 (DE-576)208959238 |2 gnd |a Historische Geologie |
| 689 | 0 | 1 | |d s |0 (DE-588)4044375-9 |0 (DE-627)104452145 |0 (DE-576)20906059X |2 gnd |a Paläontologie |
| 689 | 0 | 2 | |d s |0 (DE-588)4002230-4 |0 (DE-627)10639410X |0 (DE-576)208846212 |2 gnd |a Anthropologie |
| 689 | 0 | |5 (DE-627) | |
| 689 | 1 | 0 | |d s |0 (DE-588)4020227-6 |0 (DE-627)106318810 |0 (DE-576)20893247X |2 gnd |a Geologie |
| 689 | 1 | |5 (DE-627) | |
| 689 | 2 | 0 | |d g |0 (DE-588)1135962553 |0 (DE-627)890988382 |0 (DE-576)490197698 |2 gnd |a Erde |
| 689 | 2 | |5 (DE-627) | |
| 700 | 1 | |0 (DE-588)116616660 |0 (DE-627)134446283 |0 (DE-576)166920266 |4 oth |a Giebel, Christian Gottfried Andreas |d 1820-1881 | |
| 700 | 1 | 2 | |a Cuvier, Georges |d 1769-1832 |t Discours sur les révolutions du globe <dt.> |
| 889 | |w (DE-627)433894652 | ||
| 889 | |w (DE-627)449822400 | ||
| 935 | |a FRST |a mteo | ||
| 936 | b | k | |a 38.10 |j Geologie: Allgemeines |0 (DE-627)106421867 |
| 936 | b | k | |a 38.15 |j Historische Geologie: Allgemeines |q ARK |0 (DE-627)106408267 |
| 936 | b | k | |a 38.36 |j Tektonik |q ARK |0 (DE-627)106407147 |
| 951 | |a BO | ||
| ELC | |b 1 | ||
| LOK | |0 000 xxxxxcx a22 zn 4500 | ||
| LOK | |0 001 4307740262 | ||
| LOK | |0 003 DE-627 | ||
| LOK | |0 004 192311077 | ||
| LOK | |0 005 20240917123358 | ||
| LOK | |0 008 230412||||||||||||||||ger||||||| | ||
| LOK | |0 040 |a DE-Tue135 |c DE-627 |d DE-Tue135 | ||
| LOK | |0 092 |o n | ||
| LOK | |0 852 |a DE-Tue135 | ||
| LOK | |0 852 1 |9 00 | ||
| LOK | |0 866 |x SPQUE#Bibliothek der Franckeschen Stiftungen#SPSAM#Bibliothek des Leipziger Missionswerkes#SPUSM#Lehrerbibliothek#SPSYS#lehb_systematik_E | ||
| LOK | |0 935 |a FRST |a lemw |a lehb | ||
| LOK | |0 939 |a 12-04-23 |b l01 | ||
| ORI | |a SA-MARC-ixtheoa001.raw | ||
| REL | |a 1 | ||
| STA | 0 | 0 | |a Anthropology,Earth,Earth,Mother Earth,Geology,Historical geology,Paleontology |
| STB | 0 | 0 | |a Anthropologie,Géologie,Géologie historique,Paléontologie,Terre,Terre |
| STC | 0 | 0 | |a Antropología,Geología,Geología histórica,Paleontología,Tierra,Tierra (Planeta) |
| STD | 0 | 0 | |a Antropologia,Geologia,Geologia storica,Paleontologia,Terra,Terra |
| STE | 0 | 0 | |a 人类学,历史地质学,地史学,古生物学,地母神,大地女神,地质学 |
| STF | 0 | 0 | |a 人類學,古生物學,地母神,大地女神,地質學,歷史地質學,地史學 |
| STG | 0 | 0 | |a Antropologia,Geologia,Geologia histórica,Paleontologia,Terra |
| STH | 0 | 0 | |a Антропология,Геология,Земля (Богиня-Мать),Историческая геология,Палеонтология |
| STI | 0 | 0 | |a Ανθρωπολογία,Γεωλογία,Γη <μητέρα θεότητα>,Μητέρα Γη,Ιστορική γεωλογία,Παλαιοντολογία |
| SUB | |a REL | ||
| SYG | 0 | 0 | |a Erdgeschichte,Geogenie,Geogonie , Anthropology,Anthropometrie,Menschenkunde,Menschenkunde , Allgemeine Geologie,Geognosie,Dynamische Geologie , Mutter Erde , Welt,Erdkörper,Erdkugel,Earth |



